AEW Continental Classic Participants - Statistics

General Stats
  • This quiz has been taken 59 times
  • The average score is 16 of 27
Answer Stats
Apps. Wrestler % Correct
2 Jon Moxley
98%
2 Kazuchika Okada
98%
2 Brody King
85%
1 Eddie Kingston
83%
2 Darby Allin
81%
2 Kyle Fletcher
81%
3 Claudio Castagnoli
77%
1 PAC
73%
1 Will Ospreay
73%
1 Bryan Danielson
69%
1 Kevin Knight
69%
1 Roderick Strong
67%
2 Daniel Garcia
65%
1 Orange Cassidy
63%
2 Mark Briscoe
56%
1 Speedball Mike Bailey
54%
1 Ricochet
52%
1 Jay Lethal
48%
1 Konosuke Takeshita
48%
1 Swerve Strickland
48%
1 Jay White
44%
1 Andrade El Idolo
42%
1 Komander
38%
1 Shelton Benjamin
35%
1 The Beast Mortos
35%
1 Macara Dorada
33%
1 Rush
29%
No matching quizzes found
Score Distribution
Percent of People with Each Score
Percentile by Number Answered
Your Score History
You have not taken this quiz